Hernán Tello Portocarrero y Manuel de Vega Cabeza de Vaca, capitanes de gloriosa memoria (Record no. 53708)

MARC details
000 -LEADER
campo de control de longitud fija 00876nam a22002175i 4500
001 - NÚMERO DE CONTROL
campo de control 53708
003 - IDENTIFICADOR DE NÚMERO DE CONTROL
campo de control ES-MaACL
005 - FECHA Y HORA DE LA ÚLTIMA TRANSACCIÓN
campo de control 20250718184450.0
007 - CAMPO FIJO DE DESCRIPCIÓN FÍSICA--INFORMACIÓN GENERAL
campo de control de longitud fija t|
008 - DATOS DE LONGITUD FIJA--INFORMACIÓN GENERAL
campo de control de longitud fija 980304s1895 sp ||||1| spa d
040 ## - FUENTE DE CATALOGACIÓN
Centro catalogador/agencia de origen CAM
Lengua de catalogación spa
Centro/agencia transcriptor CAM
100 1# - ENTRADA PRINCIPAL--NOMBRE DE PERSONA
Nombre de persona Fernández Duro, Cesáreo,
Fechas asociadas al nombre 1830-1908
9 (RLIN) 49752
245 10 - MENCIÓN DEL TÍTULO
Título Hernán Tello Portocarrero y Manuel de Vega Cabeza de Vaca, capitanes de gloriosa memoria
Resto del título : bosquejo leído ante la Real Academia de la Historia en la junta pública celebrada el día 19 de mayo de 1895 /
Mención de responsabilidad, etc. por Cesáreo Fernández Duro.
260 ## - PUBLICACIÓN, DISTRIBUCIÓN, ETC.
Lugar de publicación, distribución, etc. Madrid :
Nombre del editor, distribuidor, etc. [s.n.],
Fecha de publicación, distribución, etc. 1895 (
Fabricante Fortanet)
300 ## - DESCRIPCIÓN FÍSICA
Extensión 70 p. ;
Dimensiones 29 cm.
600 14 - PUNTO DE ACCESO ADICIONAL DE MATERIA--NOMBRE DE PERSONA
Nombre de persona Tello Portocarrero, Hernán.
9 (RLIN) 109659
600 14 - PUNTO DE ACCESO ADICIONAL DE MATERIA--NOMBRE DE PERSONA
Nombre de persona Vega Cabeza de Vaca, Manuel de.
9 (RLIN) 113590
710 2# - ENTRADA AGREGADA--NOMBRE DE ENTIDAD CORPORATIVA
Nombre de entidad corporativa o nombre de jurisdicción como elemento de entrada Real Academia de la Historia (España)
9 (RLIN) 6309
852 ## - LOCALIZACIÓN
Ubicación ES-MaACL
Número de control de estantería F-2214
Holdings
Estatus retirado Estado de pérdida Estado de daño No para préstamo Colección Biblioteca de origen Biblioteca actual Ubicación en estantería Fecha de adquisición Fuente de adquisición Total de préstamos Signatura topográfica completa Código de barras Visto por última vez Precio de reemplazo Tipo de ítem Koha
        Libros del s. XIX Biblioteca del Ateneo de Madrid Biblioteca del Ateneo de Madrid Depósito 2 17/01/2008     F-2214 1056437 23/02/2023 23/02/2023 Libro impreso antiguo